Normal view
MARC view
- الهدمي،ماجد سلام/جاسم محمد
Entry Personal Name
001 - CONTROL NUMBER
- control field: 33284
003 - CONTROL NUMBER IDENTIFIER
- control field: JO-AjAnu
005 - DATE AND TIME OF LATEST TRANSACTION
- control field: 20230606075603.0
008 - FIXED-LENGTH DATA ELEMENTS
- fixed length control field: 230606|| aca||aabn | a|a d
040 ## - CATALOGING SOURCE
- Original cataloging agency: JO-AjAnu
- Transcribing agency: JO-AjAnu
100 ## - HEADING--PERSONAL NAME
- Personal name: الهدمي،ماجد سلام/جاسم محمد
670 ## - SOURCE DATA FOUND
- Source citation: Work cat.: (JO-AjAnu)17100: الهدمي،ماجد سلام/جاسم محمد, author, مبادىء ادارة الازمات الاستراتيجية والحلول =Crises Management Principals Strategies&Solutions